[Event "Asian University (Women)"]
[Site "Tornelo INT"]
[Date "2021.09.05"]
[Round "7"]
[White "Faruq, Afifa Ayyun"]
[Black "Gholami Orimi, Anahita"]
[Result "1/2-1/2"]
[WhiteElo "1806"]
[BlackElo "1915"]
[PlyCount "30"]
[EventDate "2021.09.03"]
[EventType "swiss (rapid)"]
[EventRounds "9"]
[EventCountry "NET"]
[SourceTitle "CBM 204 Extra"]
[Source "ChessBase"]
[SourceDate "2021.11.30"]
[SourceVersion "1"]
[SourceVersionDate "2021.11.30"]
[SourceQuality "1"]

1. e4 e5 2. Nf3 Nc6 3. d4 exd4 4. Nxd4 Bc5 5. Be3 Qf6 6. c3 Nge7 7. Bc4 Ne5 8. Be2 Qg6 9. 0-0 d6 10. Bh5 Qxe4 11. Nd2 Qd3 12. Be2 Qg6 13. Bh5 Qd3 14. Be2 Qg6 15. Bh5 Qd3 1/2-1/2

[Event "Asian University (Women)"]
[Site "Tornelo INT"]
[Date "2021.09.04"]
[Round "6"]
[White "Gholami Orimi, Anahita"]
[Black "Siew, Kai Xin"]
[Result "1-0"]
[WhiteElo "1915"]
[BlackElo "1692"]
[PlyCount "59"]
[EventDate "2021.09.03"]
[EventType "swiss (rapid)"]
[EventRounds "9"]
[EventCountry "NET"]
[SourceTitle "CBM 204 Extra"]
[Source "ChessBase"]
[SourceDate "2021.11.30"]
[SourceVersion "1"]
[SourceVersionDate "2021.11.30"]
[SourceQuality "1"]

1. d4 d5 2. c4 c6 3. Nc3 Nf6 4. Nf3 dxc4 5. a4 Bf5 6. e3 e6 7. Bxc4 Bb4 8. 0-0 Nbd7 9. Qb3 a5 10. Na2 Be7 11. Ne5 Qc7 12. f4 0-0 13. Nc3 h6 14. h3 Bh7 15. Bxe6 Nxe5 16. fxe5 fxe6 17. Qxe6+ Kh8 18. exf6 Bxf6 19. Bd2 Rae8 20. Qg4 Qb6 21. Nd1 Re4 22. Rf4 Re7 23. Bc3 Rfe8 24. Rc1 Bg5 25. Rf3 Bd3 26. h4 Re4 27. Qd7 Bxh4 28. Nf2 Bxf2+ 29. Kxf2 R4e7 30. Qg4 1-0

[Event "Tehran Universities-ch (Women)"]
[Site "Tehran"]
[Date "2020.12.01"]
[Round "7"]
[White "Gholami Orimi, Anahita"]
[Black "Kiani, Rahil"]
[Result "0-1"]
[WhiteElo "1759"]
[BlackElo "1785"]
[PlyCount "86"]
[EventDate "2020.11.30"]
[EventType "swiss (rapid)"]
[EventRounds "7"]
[EventCountry "IRI"]
[SourceTitle "CBM 199 Extra"]
[Source "ChessBase"]
[SourceDate "2021.01.31"]
[SourceVersion "1"]
[SourceVersionDate "2021.01.31"]
[SourceQuality "1"]

1. d4 Nf6 2. c4 e6 3. Nc3 d5 4. Bg5 Be7 5. Nf3 c6 6. e3 Nbd7 7. Qc2 0-0 8. a3 Re8 9. Rd1 a5 10. h3 Nf8 11. Bd3 Ng6 12. Ne5 Nd7 13. Bxe7 Qxe7 14. Nxg6 hxg6 15. h4 dxc4 16. Bxc4 Nf6 17. Be2 e5 18. h5 gxh5 19. Bxh5 e4 20. Be2 Bf5 21. Kd2 b5 22. Rh2 b4 23. Nb1 Rec8 24. Rdh1 g6 25. Bc4 Kg7 26. Qb3 c5 27. d5 a4 28. Qd1 Rd8 29. Kc1 Be6 30. Rh4 Bxd5 31. Bxd5 Rxd5 32. Qg1 Rh5 33. g4 Rxh4 34. Rxh4 Rh8 35. Rxh8 Kxh8 36. Nd2 bxa3 37. bxa3 Qe5 38. Kc2 Nd5 39. Qh1+ Kg7 40. Qxe4 Qc3+ 41. Kd1 Qa1+ 42. Nb1 Nc3+ 43. Kc2 Nxe4 0-1

[Event "Tehran Universities-ch (Women)"]
[Site "Tehran"]
[Date "2020.12.01"]
[Round "6"]
[White "Kiana, Arab"]
[Black "Gholami Orimi, Anahita"]
[Result "1-0"]
[WhiteElo "1859"]
[BlackElo "1759"]
[PlyCount "121"]
[EventDate "2020.11.30"]
[EventType "swiss (rapid)"]
[EventRounds "7"]
[EventCountry "IRI"]
[SourceTitle "CBM 199 Extra"]
[Source "ChessBase"]
[SourceDate "2021.01.31"]
[SourceVersion "1"]
[SourceVersionDate "2021.01.31"]
[SourceQuality "1"]

1. d4 Nf6 2. Nf3 e6 3. e3 d5 4. Be2 c5 5. dxc5 Bxc5 6. 0-0 0-0 7. Nbd2 b6 8. Nb3 Be7 9. a4 Nc6 10. Nfd4 Nxd4 11. Nxd4 Bd7 12. b3 Rc8 13. Bb2 Bb4 14. Bb5 Ne4 15. Qd3 Bc3 16. Bxc3 Rxc3 17. Qe2 a5 18. h3 Qc7 19. Bd3 Rc8 20. Rfd1 e5 21. Nf3 Nf6 22. e4 dxe4 23. Bxe4 Nxe4 24. Qxe4 Re8 25. Ng5 g6 26. Rd3 Bf5 27. Rxc3 Qxc3 28. Qe1 Qxc2 29. Qe3 Qc7 30. Rc1 Qb7 31. g4 Be6 32. Ne4 Rc8 33. Rd1 Qb8 34. Qh6 f5 35. Nf6+ Kf7 36. Nxh7 Rh8 37. Qh4 Ke8 38. Qf6 Rxh7 39. Qxe6+ Kf8 40. Qxg6 Qc7 41. Qxf5+ Rf7 42. Qg5 Re7 43. Qf6+ Kg8 44. Qg6+ Kf8 45. Qd6 Qc2 46. Qd8+ Kf7 47. Qd5+ Kg7 48. Rd2 Qc1+ 49. Kg2 Qe1 50. Qd3 Rf7 51. Re2 Qa1 52. Qe3 Kg6 53. Qe4+ Kh6 54. Qxe5 Qb1 55. Qe6+ Kg7 56. Qe5+ Kh6 57. g5+ Kh5 58. Qg3 Qd1 59. Qg4+ Kg6 60. Re6+ Kg7 61. Qxd1 1-0

[Event "Tehran Universities-ch (Women)"]
[Site "Tehran"]
[Date "2020.11.30"]
[Round "1"]
[White "Ghaziolsharif, Kimiya"]
[Black "Gholami Orimi, Anahita"]
[Result "0-1"]
[WhiteElo "1490"]
[BlackElo "1759"]
[PlyCount "76"]
[EventDate "2020.11.30"]
[EventType "swiss (rapid)"]
[EventRounds "7"]
[EventCountry "IRI"]
[SourceTitle "CBM 199 Extra"]
[Source "ChessBase"]
[SourceDate "2021.01.31"]
[SourceVersion "1"]
[SourceVersionDate "2021.01.31"]
[SourceQuality "1"]

1. c4 Nf6 2. g3 e6 3. Bg2 d5 4. Nf3 Be7 5. 0-0 0-0 6. cxd5 exd5 7. e3 c6 8. b3 Bf5 9. d3 Re8 10. Bb2 Nbd7 11. Nh4 Bg6 12. f4 Bh5 13. Qd2 Ng4 14. h3 Nxe3 15. Re1 Bf6 16. Bxf6 Qxf6 17. Nc3 d4 18. Ne4 Qe7 19. Rac1 f5 20. Nf2 Qf6 21. Bf3 Bf7 22. Ng2 Qg6 23. Kh2 Nd5 24. Nh4 Qf6 25. Bxd5 Bxd5 26. Re2 Rxe2 27. Qxe2 Bf7 28. Nf3 Re8 29. Qd2 Re3 30. Kg2 Bd5 31. Re1 Bxf3+ 32. Kh2 Qe7 33. Rf1 Re2 34. Qa5 Qe3 35. Kg1 Bd5 36. Qd8+ Nf8 37. Qg5 Qf3 38. Kh2 Qg2# 0-1

[Event "Titled Tuesday intern op 2nd April"]
[Site "Chess.com INT"]
[Date "2019.04.02"]
[Round "6"]
[White "Gholami Orimi, Anahita"]
[Black "Esipenko, Andrey"]
[Result "1-0"]
[WhiteElo "2010"]
[BlackElo "2616"]
[PlyCount "79"]
[EventDate "2019.04.02"]
[EventType "swiss (blitz)"]
[EventRounds "10"]
[EventCountry "USA"]
[SourceTitle "EXT 2021"]
[Source "ChessBase"]
[SourceDate "2020.10.23"]
[SourceVersion "1"]
[SourceVersionDate "2020.10.23"]
[SourceQuality "1"]

1. d4 Nf6 2. c4 g6 3. Nc3 d5 4. cxd5 Nxd5 5. Bd2 Bg7 6. e4 Nxc3 7. Bxc3 0-0 8. Qd2 Nd7 9. Nf3 b6 10. Rd1 e6 11. Qe3 Bb7 12. Bc4 Nf6 13. Nd2 Qe7 14. 0-0 Rac8 15. f3 Rfd8 16. Rfe1 Nd7 17. Qf2 c5 18. d5 Bxc3 19. bxc3 Ne5 20. f4 Nxc4 21. Nxc4 exd5 22. exd5 Qf6 23. Re5 Re8 24. Qe3 Red8 25. d6 Rd7 26. Re7 Rcd8 27. Rxd7 Rxd7 28. Qe8+ Kg7 29. Qxd7 Qxf4 30. Qxb7 Qxc4 31. d7 Qxc3 32. d8Q Qe3+ 33. Kh1 Qe2 34. Qdd7 Qxa2 35. Rf1 Kh6 36. Qxf7 Qe2 37. Qxh7+ Kg5 38. h4+ Kg4 39. Qbd7+ Kg3 40. Qh3# 1-0

[Event "Titled Tuesday intern op 2nd April"]
[Site "Chess.com INT"]
[Date "2019.04.02"]
[Round "2"]
[White "Gholami Orimi, Anahita"]
[Black "Gordievsky, Dmitry"]
[Result "0-1"]
[WhiteElo "2010"]
[BlackElo "2585"]
[PlyCount "66"]
[EventDate "2019.04.02"]
[EventType "swiss (blitz)"]
[EventRounds "10"]
[EventCountry "USA"]
[SourceTitle "EXT 2021"]
[Source "ChessBase"]
[SourceDate "2020.10.23"]
[SourceVersion "1"]
[SourceVersionDate "2020.10.23"]
[SourceQuality "1"]

1. d4 Nf6 2. c4 g6 3. Nc3 d5 4. cxd5 Nxd5 5. Bd2 Nb6 6. e4 Qxd4 7. Nf3 Qd8 8. Qc2 Bg4 9. Ne5 Be6 10. Rd1 N8d7 11. Bf4 c6 12. h4 Bg7 13. h5 Qc8 14. Nf3 Bg4 15. hxg6 hxg6 16. Rxh8+ Bxh8 17. Qd2 Bxf3 18. gxf3 Ne5 19. Bg2 Qe6 20. Bg3 Nec4 21. Qh6 Qf6 22. f4 Nxb2 23. e5 Qg7 24. Qxg7 Bxg7 25. Rb1 Nd3+ 26. Ke2 0-0-0 27. a4 Nc4 28. a5 Nxa5 29. Ra1 b6 30. Ne4 f6 31. Bh3+ Kb7 32. exf6 Bxf6 33. f5 Bxa1 0-1

[Event "Titled Tuesday intern op 2nd April"]
[Site "Chess.com INT"]
[Date "2019.04.02"]
[Round "5"]
[White "Nepomniachtchi, Ian"]
[Black "Gholami Orimi, Anahita"]
[Result "0-1"]
[WhiteElo "2773"]
[BlackElo "2010"]
[PlyCount "56"]
[EventDate "2019.04.02"]
[EventType "swiss (blitz)"]
[EventRounds "10"]
[EventCountry "USA"]
[SourceTitle "EXT 2021"]
[Source "ChessBase"]
[SourceDate "2020.10.23"]
[SourceVersion "1"]
[SourceVersionDate "2020.10.23"]
[SourceQuality "1"]

1. e4 e5 2. Nf3 Nc6 3. Bb5 a6 4. Ba4 Nf6 5. 0-0 b5 6. Bb3 Bb7 7. d3 Be7 8. Nc3 0-0 9. a3 d6 10. Ne2 Qd7 11. Ng3 Nd8 12. c3 Ne6 13. Re1 Rfe8 14. d4 exd4 15. cxd4 d5 16. Ne5 Qd8 17. exd5 Bxd5 18. Bc2 c5 19. dxc5 Bxc5 20. Nf5 Qc7 21. b4 Ba7 22. Bb2 Rad8 23. Qc1 Nh5 24. Ng4 Nef4 25. Rxe8+ Rxe8 26. Nxg7 Ne2+ 27. Kh1 Nxc1 28. Nxe8 Qxc2 0-1

[Event "Titled Tuesday intern op 1st Jan"]
[Site "Chess.com INT"]
[Date "2019.01.01"]
[Round "2"]
[White "Gholami Orimi, Anahita"]
[Black "Bauer, Thomas"]
[Result "1-0"]
[WhiteElo "2043"]
[BlackElo "2269"]
[PlyCount "109"]
[EventDate "2019.01.01"]
[EventType "swiss (blitz)"]
[EventRounds "10"]
[EventCountry "USA"]
[SourceTitle "EXT 2021"]
[Source "ChessBase"]
[SourceDate "2020.10.23"]
[SourceVersion "1"]
[SourceVersionDate "2020.10.23"]
[SourceQuality "1"]

1. d4 Nf6 2. c4 g6 3. Nc3 Bg7 4. g3 0-0 5. Bg2 d6 6. Nf3 Nbd7 7. 0-0 e5 8. e4 c6 9. h3 Qb6 10. dxe5 dxe5 11. b3 Rd8 12. Qc2 Ne8 13. Ba3 Nc7 14. Rad1 Ne6 15. Na4 Qa6 16. Bb2 b5 17. cxb5 cxb5 18. Nc3 Bb7 19. Qb1 Ndc5 20. Nd5 f6 21. h4 h5 22. b4 Na4 23. Ba1 Kh7 24. Nh2 Rac8 25. Rd3 Nb6 26. Rfd1 Nc4 27. g4 Bxd5 28. exd5 Nf4 29. gxh5 Nxh5 30. Nf1 Qd6 31. Rh3 Bh6 32. Be4 Kh8 33. Bxg6 Rg8 34. Kh1 Nf4 35. Rg3 Rg7 36. Bf5 Rcg8 37. Qe4 Nh5 38. Rxg7 Rxg7 39. Qf3 Nf4 40. Ng3 Qf8 41. d6 Nxd6 42. Bb1 Qe7 43. Nh5 Rg8 44. Nxf4 exf4 45. Qh5 Qb7+ 46. f3 Nf7 47. Bxf6+ Rg7 48. Bxg7+ Kxg7 49. Qg6+ Kf8 50. Be4 Qe7 51. Qg4 Qxb4 52. Bd5 Qa4 53. Qc8+ Ke7 54. Qe6+ Kd8 55. Bb3+ 1-0

[Event "Titled Tuesday intern op 5th June"]
[Site "Chess.com INT"]
[Date "2018.06.05"]
[Round "3"]
[White "Gholami Orimi, Anahita"]
[Black "Ponkratov, Pavel"]
[Result "0-1"]
[WhiteElo "2064"]
[BlackElo "2622"]
[PlyCount "70"]
[EventDate "2018.06.05"]
[EventType "swiss (blitz)"]
[EventRounds "10"]
[EventCountry "USA"]
[SourceTitle "EXT 2021"]
[Source "ChessBase"]
[SourceDate "2020.10.23"]
[SourceVersion "1"]
[SourceVersionDate "2020.10.23"]
[SourceQuality "1"]

1. d4 Nf6 2. c4 g6 3. Nc3 Bg7 4. g3 d5 5. cxd5 Nxd5 6. Bg2 Nxc3 7. bxc3 0-0 8. Nf3 c5 9. 0-0 Nc6 10. e3 Be6 11. Ba3 Qa5 12. Bxc5 b6 13. Ng5 Bd7 14. d5 Qxc5 15. Ne4 Qc4 16. Nd2 Qc5 17. Nb3 Qc4 18. Nd2 Qa6 19. dxc6 Be8 20. Qb3 Rc8 21. Rad1 Bxc6 22. Bxc6 Rxc6 23. Nb1 Rc7 24. Rd2 Rfc8 25. Rfd1 Bf6 26. Rd7 Qe2 27. R7d2 Qf3 28. Rd8+ Rxd8 29. Rxd8+ Kg7 30. c4 h5 31. h4 Qg4 32. Kh2 Qxc4 33. Nd2 Qe2 34. Ne4 Qf3 35. Qd3 Rc1 0-1

[Event "Baghdad op 4th"]
[Site "Baghdad"]
[Date "2016.03.21"]
[Round "2"]
[White "Gholami Orimi, Anahita"]
[Black "Gholami, Aryan"]
[Result "0-1"]
[WhiteElo "2135"]
[BlackElo "2415"]
[PlyCount "122"]
[EventDate "2016.03.20"]
[EventType "swiss"]
[EventRounds "9"]
[EventCountry "IRQ"]
[SourceTitle "EXT 2017"]
[Source "ChessBase"]
[SourceDate "2016.10.25"]
[SourceVersion "1"]
[SourceVersionDate "2016.10.25"]
[SourceQuality "1"]

1. d4 Nf6 2. c4 e6 3. Nc3 Bb4 4. Qc2 0-0 5. a3 Bxc3+ 6. Qxc3 d6 7. Bg5 Nbd7 8. e3 b6 9. Ne2 Ba6 10. Qc2 Rc8 11. Qa4 Bb7 12. Nc3 a6 13. f3 c5 14. Rd1 Qc7 15. Be2 cxd4 16. exd4 d5 17. cxd5 b5 18. Qb4 Nxd5 19. Nxd5 Bxd5 20. 0-0 Qa7 21. Kh1 h6 22. Bf4 Bc4 23. Qd2 Bxe2 24. Qxe2 Nf6 25. Bd6 Rfd8 26. Bc5 Qb7 27. Rfe1 Rd5 28. f4 Rcd8 29. Qf3 Nd7 30. Bb4 Nb8 31. f5 exf5 32. Re7 Qb6 33. Bc5 Qf6 34. Rde1 Nc6 35. Re8+ Kh7 36. Rxd8 Qxd8 37. h3 Qd7 38. Rd1 Nd8 39. Bb4 Ne6 40. Bc3 Qd6 41. h4 Qd8 42. Qf2 Qc7 43. Qf3 Qd7 44. Qf2 f4 45. Rd3 Qd8 46. Kg1 Qf6 47. Qf3 Qf5 48. Rd1 g5 49. hxg5 hxg5 50. Qh5+ Kg7 51. Re1 Kg8 52. Kf2 Ng7 53. Qh6 Qg6 54. Qxg6 fxg6 55. Kf3 Kf7 56. Re5 Rxe5 57. dxe5 Nf5 58. Kg4 Ne3+ 59. Kxg5 Nxg2 60. Kg4 Ne3+ 61. Kf3 g5 0-1

[Event "Baghdad op 4th"]
[Site "Baghdad"]
[Date "2016.03.20"]
[Round "1"]
[White "Ahmed, Qutayba Yunis"]
[Black "Gholami Orimi, Anahita"]
[Result "0-1"]
[WhiteElo "1859"]
[BlackElo "2135"]
[PlyCount "60"]
[EventDate "2016.03.20"]
[EventType "swiss"]
[EventRounds "9"]
[EventCountry "IRQ"]
[SourceTitle "EXT 2017"]
[Source "ChessBase"]
[SourceDate "2016.10.25"]
[SourceVersion "1"]
[SourceVersionDate "2016.10.25"]
[SourceQuality "1"]

1. e4 e5 2. Nf3 Nc6 3. Bc4 Bc5 4. 0-0 Nf6 5. d4 Bxd4 6. Nxd4 Nxd4 7. f4 d6 8. fxe5 dxe5 9. Bg5 Qe7 10. c3 Ne6 11. Bxf6 gxf6 12. Qh5 Bd7 13. Qf3 Rg8 14. Qxf6 Qxf6 15. Rxf6 Ke7 16. Rf2 Rg4 17. Bxe6 Kxe6 18. Nd2 f6 19. Raf1 Rf8 20. h3 Rg7 21. Nf3 Bc6 22. Re1 Rd8 23. Rd2 Rgd7 24. Rxd7 Rxd7 25. Kf1 Rd3 26. Kf2 a5 27. Re2 Rd1 28. Re1 Rxe1 29. Nxe1 Bxe4 30. Ke3 f5 0-1

[Event "Wch U18 Girls"]
[Site "Porto Carras"]
[Date "2015.10.31"]
[Round "6"]
[White "Srija, Seshadri"]
[Black "Gholami Orimi, Anahita"]
[Result "1-0"]
[WhiteElo "1911"]
[BlackElo "2058"]
[PlyCount "77"]
[EventDate "2015.10.25"]
[EventType "swiss"]
[EventRounds "11"]
[EventCountry "GRE"]
[SourceTitle "CBM 169 Extra"]
[Source "ChessBase"]
[SourceDate "2015.12.18"]
[SourceVersion "1"]
[SourceVersionDate "2015.12.18"]
[SourceQuality "1"]

1. e4 e5 2. Nf3 Nc6 3. Bb5 a6 4. Ba4 Nf6 5. 0-0 b5 6. Bb3 Bc5 7. a4 Rb8 8. c3 d6 9. d4 Bb6 10. axb5 axb5 11. Qd3 0-0 12. Bg5 Bb7 13. Nbd2 h6 14. Bh4 Qe7 15. Rfe1 Na5 16. Bc2 b4 17. d5 c5 18. Qb5 Qd8 19. Bxf6 gxf6 20. Nh4 Kh7 21. Qe2 Bc8 22. c4 Rg8 23. b3 Bg4 24. Qe3 Nb7 25. Nf5 Bxf5 26. exf5 Ra8 27. Ne4 Qe7 28. Qh3 Ra3 29. Qh4 Kg7 30. Rad1 Bd8 31. Rd3 Rh8 32. Rg3+ Kf8 33. Qg4 Ke8 34. Qg7 Rf8 35. Qxh6 Ra2 36. Bb1 Ra1 37. h4 Kd7 38. Nxf6+ Kc8 39. Nh7 1-0

[Event "Wch U18 Girls"]
[Site "Porto Carras"]
[Date "2015.10.26"]
[Round "2"]
[White "Gholami Orimi, Anahita"]
[Black "Uuriintuya, Uurtsaikh"]
[Result "1/2-1/2"]
[WhiteElo "2058"]
[BlackElo "2237"]
[PlyCount "91"]
[EventDate "2015.10.25"]
[EventType "swiss"]
[EventRounds "11"]
[EventCountry "GRE"]
[SourceTitle "CBM 169 Extra"]
[Source "ChessBase"]
[SourceDate "2015.12.18"]
[SourceVersion "1"]
[SourceVersionDate "2015.12.18"]
[SourceQuality "1"]

1. d4 Nf6 2. Nf3 g6 3. g3 Bg7 4. Bg2 0-0 5. 0-0 d6 6. b3 e5 7. dxe5 Ng4 8. Bb2 Nd7 9. c4 dxe5 10. h3 Nh6 11. Qc1 Re8 12. Rd1 Qe7 13. Ng5 Nf5 14. Ba3 Qf6 15. Ne4 Qd8 16. Nbc3 c6 17. e3 Bf8 18. c5 Qc7 19. Rd3 Be7 20. Qb2 Nf6 21. Nd6 Rd8 22. Rad1 Be6 23. Ne2 Nd7 24. Qc3 Bf8 25. Ne4 h6 26. Qc1 Be7 27. Nd6 Ng7 28. b4 Bxa2 29. b5 f5 30. Nxb7 e4 31. R3d2 Qxb7 32. bxc6 Qxc6 33. Rxa2 Rdc8 34. Qc4+ Kf8 35. Nd4 Qf6 36. c6 Ne5 37. Bxe7+ Qxe7 38. Qa6 Ne6 39. Rc2 Rc7 40. Nb5 Rcc8 41. Bf1 Nc5 42. Qa3 Ncd3 43. Qxe7+ Kxe7 44. Bxd3 exd3 45. Rc5 Nxc6 46. Rxd3 1/2-1/2

[Event "World ol U16"]
[Site "Gyor"]
[Date "2014.12.13"]
[Round "1.4"]
[White "Poliakova, Emma"]
[Black "Gholami Orimi, Anahita"]
[Result "0-1"]
[WhiteElo "1679"]
[BlackElo "1998"]
[PlyCount "72"]
[EventDate "2014.12.13"]
[EventType "team-swiss"]
[EventRounds "10"]
[EventCountry "HUN"]
[SourceTitle "EXT 2016"]
[Source "ChessBase"]
[SourceDate "2015.10.08"]
[SourceVersion "1"]
[SourceVersionDate "2015.10.08"]
[SourceQuality "1"]
[WhiteTeam "Slovakia Middle"]
[BlackTeam "Iran"]
[WhiteTeamCountry "SVK"]
[BlackTeamCountry "IRI"]

1. e4 e5 2. Nf3 Nc6 3. c3 Nf6 4. d4 d5 5. exd5 Qxd5 6. dxe5 Qxd1+ 7. Kxd1 Ng4 8. Ke1 Bc5 9. Bb5 Bxf2+ 10. Ke2 Bb6 11. Bf4 Bd7 12. Bxc6 Bxc6 13. Nbd2 0-0-0 14. Rhe1 Rhe8 15. Kf1 Nf2 16. Bg5 Rd7 17. b4 Nd3 18. Re2 h6 19. Be3 Rde7 20. Bxb6 axb6 21. a4 Nxe5 22. Nd4 Bd7 23. b5 Bg4 24. Re3 Nc4 25. Nxc4 Rxe3 26. Nxe3 Rxe3 27. Rc1 Kd7 28. h3 Be6 29. Kf2 Re5 30. Rd1 Ke7 31. Ra1 Bd5 32. g4 h5 33. Kg3 Re3+ 34. Kh4 Rxc3 35. Re1+ Kf6 36. Nf5 g5+ 0-1

[Event "Asia-chT (Women) 08th"]
[Site "Tabriz"]
[Date "2014.05.24"]
[Round "3.2"]
[White "Karavade, Eesha"]
[Black "Gholami Orimi, Anahita"]
[Result "1-0"]
[WhiteElo "2399"]
[BlackElo "1981"]
[PlyCount "61"]
[EventDate "2014.05.22"]
[EventType "team-tourn"]
[EventRounds "5"]
[EventCountry "IRI"]
[SourceTitle "CBM 160 Extra"]
[Source "ChessBase"]
[SourceDate "2014.07.01"]
[SourceVersion "1"]
[SourceVersionDate "2014.07.01"]
[SourceQuality "1"]
[WhiteTeam "India (W)"]
[BlackTeam "Iran (W) II"]
[WhiteTeamCountry "IND"]
[BlackTeamCountry "IRI"]

1. Nf3 Nf6 2. c4 e6 3. g3 d5 4. b3 c5 5. Bg2 Nc6 6. 0-0 Be7 7. Bb2 0-0 8. e3 b6 9. Qe2 Bb7 10. Rd1 Qc7 11. Nc3 dxc4 12. bxc4 Rac8 13. Rac1 Rfd8 14. d4 Na5 15. Nb5 Qb8 16. d5 exd5 17. Be5 Qa8 18. Nc7 Rxc7 19. Bxc7 Rc8 20. cxd5 Bxd5 21. Be5 Ne4 22. Ne1 f6 23. Ba1 Bc6 24. Qg4 Kh8 25. Rd7 Re8 26. Rc7 Bf8 27. Rd1 Nc4 28. Qh5 Ne5 29. Bxe5 Rxe5 30. Qf7 a5 31. Rxc6 1-0

[Event "IRI-ch (Women)"]
[Site "Rasht"]
[Date "2013.12.06"]
[Round "9"]
[White "Pourkashiyan, Atousa"]
[Black "Gholami Orimi, Anahita"]
[Result "1-0"]
[WhiteElo "2334"]
[BlackElo "1817"]
[PlyCount "69"]
[EventDate "2013.11.30"]
[EventType "swiss"]
[EventRounds "11"]
[EventCountry "IRI"]
[SourceTitle "CBM 157 Extra"]
[Source "ChessBase"]
[SourceDate "2013.12.19"]
[SourceVersion "1"]
[SourceVersionDate "2013.12.19"]
[SourceQuality "1"]

1. e4 c5 2. Nf3 d6 3. d4 cxd4 4. Nxd4 Nf6 5. Nc3 g6 6. Be2 Bg7 7. 0-0 0-0 8. Bg5 Nc6 9. Nb3 Be6 10. Kh1 Qc8 11. f4 Rd8 12. Bf3 a5 13. a4 Nb4 14. Nd4 Bc4 15. Rf2 Kf8 16. Rd2 Nd7 17. Bg4 Qc5 18. e5 d5 19. e6 Bxd4 20. Rxd4 Nf6 21. Bh6+ Kg8 22. exf7+ Kxf7 23. Rd2 d4 24. Bf3 Rd7 25. Ne4 Qb6 26. Qg1 Rad8 27. Rad1 Nc6 28. Ng5+ Kg8 29. b3 Bd5 30. Qe1 Rd6 31. f5 Bxf3 32. gxf3 Nd5 33. Ne6 Rxe6 34. Qxe6+ Kh8 35. Qf7 1-0

[Event "Wch U16 Girls"]
[Site "Al Ain"]
[Date "2013.??.??"]
[Round "6"]
[White "Gholami Orimi, Anahita"]
[Black "Virkud, Apurva"]
[Result "1/2-1/2"]
[WhiteElo "1817"]
[BlackElo "1969"]
[PlyCount "76"]
[EventDate "2013.12.18"]
[EventType "swiss"]
[EventRounds "11"]
[EventCountry "UAE"]
[SourceTitle "CBM 158 Extra"]
[Source "ChessBase"]
[SourceDate "2014.02.28"]
[SourceVersion "1"]
[SourceVersionDate "2014.02.28"]
[SourceQuality "1"]

1. d4 d5 2. c4 e6 3. Nc3 Nf6 4. Bg5 Be7 5. Nf3 h6 6. Bh4 0-0 7. e3 b6 8. cxd5 exd5 9. Bd3 Bb7 10. 0-0 Nbd7 11. Nd2 Ne4 12. Bxe7 Qxe7 13. Rc1 Ndf6 14. Qc2 Rfc8 15. Ndxe4 dxe4 16. Bc4 c5 17. Rfd1 a6 18. a4 cxd4 19. Rxd4 Rc5 20. Rcd1 Qc7 21. Qb3 Rc8 22. Bxf7+ Kh7 23. Be6 Rf8 24. Ne2 b5 25. Ng3 bxa4 26. Rxa4 Rc2 27. Qa3 Rb8 28. b3 Bc8 29. Bxc8 Qxc8 30. Nxe4 Nxe4 31. Rxe4 Rxf2 32. Rc4 Qf5 33. Qa4 Rf8 34. Rf4 Rxf4 35. exf4 Qxf4 36. Qxf4 Rxf4 37. Rd6 Rb4 38. Rxa6 Rxb3 1/2-1/2

[Event "Arak op (Women) 15th"]
[Site "Arak"]
[Date "2012.07.15"]
[Round "5"]
[White "Afshar, Niusha"]
[Black "Gholami Orimi, Anahita"]
[Result "1-0"]
[WhiteElo "1931"]
[BlackElo "1661"]
[PlyCount "103"]
[EventDate "2012.07.13"]
[EventType "swiss"]
[EventRounds "11"]
[EventCountry "IRI"]
[SourceTitle "CBM 149 Extra"]
[Source "ChessBase"]
[SourceDate "2012.08.24"]
[SourceVersion "1"]
[SourceVersionDate "2012.08.24"]
[SourceQuality "1"]

1. e4 e5 2. Nf3 Nc6 3. Bc4 Bc5 4. 0-0 Nf6 5. d4 Bxd4 6. Nxd4 Nxd4 7. f4 Nc6 8. Bxf7+ Kxf7 9. fxe5 Nxe5 10. Qd5+ Kf8 11. Qxe5 d6 12. Qd4 c5 13. Qd3 Qb6 14. Kh1 Qa6 15. Qxa6 bxa6 16. Bg5 Kf7 17. Nc3 Bb7 18. Rad1 Rad8 19. Nd5 Bxd5 20. exd5 Rhe8 21. Bxf6 gxf6 22. Rfe1 Re5 23. Kg1 Rde8 24. Rxe5 fxe5 25. Rd3 Rb8 26. b3 Rb4 27. c3 Rf4 28. g3 Rf5 29. Re3 Kf6 30. Kg2 Kg6 31. Re4 Rf7 32. Ra4 Rd7 33. Kf3 Kf5 34. Rxa6 e4+ 35. Ke3 Ke5 36. Ra4 Kxd5 37. Rxe4 Rf7 38. c4+ Kc6 39. Ke2 Rb7 40. g4 a5 41. h4 a4 42. Re3 axb3 43. axb3 Rg7 44. Kf3 Rf7+ 45. Kg3 Kd7 46. g5 Rg7 47. Kg4 d5 48. cxd5 Kd6 49. Rd3 Rc7 50. h5 c4 51. bxc4 Rxc4+ 52. Kf5 1-0